00819nam a22002297a 4500999001500000001000600015003000900021005001700030008004100047020001500088040002800103082002400131100002800155245004600183260004200229300003400271440002200305504005100327650006900378942001200447952013000459 c8424d842422073BD-DhUAP20240313144056.0240313b1992 ny |||| |||| 001 0 eng d a0304325902 aDLCcDLCbengdBD-DhUAP00a428.0071241 STA2201 aStables, Andrew,d1956-13aAn approach to English /cAndrew Stables. aLondon ;aNew York :bCassell,c1992. avii, 167 p. :bill. ;c25 cm. 0aCassell education aIncludes bibliographical references and index. 0aEnglish languagexStudy and teaching (Secondary)zGreat Britain. 2ddccBK 00102ddc4070aUAPCLbUAPCLcGeneral Stacksd2024-03-13o428.0071241 STAp3010022073r2024-03-13t1v315.00w2024-03-13yBK